Esame critico degli ordini rappresentativi nella società moderna / (Record no. 184956)

MARC details
000 -LEADER
campo de control de longitud fija 00606nam a2200169 i 4500
001 - NÚMERO DE CONTROL
campo de control 184956
003 - IDENTIFICADOR DE NÚMERO DE CONTROL
campo de control ES-MaACL
005 - FECHA Y HORA DE LA ÚLTIMA TRANSACCIÓN
campo de control 20230906222322.0
008 - DATOS DE LONGITUD FIJA--INFORMACIÓN GENERAL
campo de control de longitud fija 160229s1854 it |||| | ita d
100 1# - ENTRADA PRINCIPAL--NOMBRE DE PERSONA
Nombre de persona Tapparelli, Luigi.
9 (RLIN) 133118
245 10 - MENCIÓN DEL TÍTULO
Título Esame critico degli ordini rappresentativi nella società moderna /
Mención de responsabilidad, etc. per Luigi Taparelli.
260 ## - PUBLICACIÓN, DISTRIBUCIÓN, ETC.
Lugar de publicación, distribución, etc. Roma :
Nombre del editor, distribuidor, etc. Tip. della Civiltà Cattolica,
Fecha de publicación, distribución, etc. 1854.
300 ## - DESCRIPCIÓN FÍSICA
Extensión 2 v. (XLIV, 540, 634 p.) ;
Dimensiones 23 cm.
505 8# - NOTA DE CONTENIDO CON FORMATO
Nota de contenido con formato Contiene: 1. Principii teorici -- 2. Applicazione pratica
650 #4 - PUNTO DE ACCESO ADICIONAL DE MATERIA--TÉRMINO DE MATERIA
Término de materia o nombre geográfico como elemento de entrada Gobierno representativo.
9 (RLIN) 138674
852 ## - LOCALIZACIÓN
Ubicación ES-MaACL
Número de control de estantería G-10656-57
Holdings
Estatus retirado Estado de pérdida Estado de daño No para préstamo Colección Biblioteca de origen Biblioteca actual Ubicación en estantería Fecha de adquisición Fuente de adquisición Total de préstamos Signatura topográfica completa Código de barras Visto por última vez Precio de reemplazo Tipo de ítem Koha
        Libros del s. XIX Biblioteca del Ateneo de Madrid Biblioteca del Ateneo de Madrid Sala Pecera Planta 3 29/02/2016     G-10656-57 1194806 23/02/2023 23/02/2023 Libro impreso antiguo